Statistics for UK Road Signs Quiz - Signs Giving Orders

Click here to take the quiz!

General Stats

  • This quiz has been taken 186 times
  • The average score is 9 of 15

Answer Stats

Answer% Correct
give way
90%
stop
90%
speed limit
79%
no entry
77%
no overtaking
76%
national speed limit
74%
no stopping
66%
mini roundabout
64%
one way
56%
minimum speed
55%
maximum height | height limit
52%
no u-turns
51%
no waiting
37%
school crossing
33%
end of minimum speed
31%

Score Distribution

Percentile by Number Answered

Percent of People with Each Score

Your Score History

You have not taken this quiz